000 01214nam a22002897a 4500
001 1789
005 20250409153328.0
020 _a9781407103433
040 _aFISKH
_beng
_dFISKH
_cFISKH
050 0 0 _aD743.7
_b.D43 2007
082 0 4 _a940.53
_222
100 1 _aDeary, Terry
_eauthor
245 1 0 _aBlitzed Brits /
_cTerry Deary ; illustrated by Martin Brown & Kate Sheppard.
260 _aLondon :
_bScholastic,
_c2007
300 _a140 pages :
_billustrations ;
_c20 cm.
490 1 _aHorrible histories
505 _aM
520 _aLearn all about the BLITZED BRITS, with all the nasty bits left in. Find out what really happened in Dad's Army, see how to make a rude noise with a gas mask and Learn why the Brits ate chicken-fruit, sinkers and nutty! Includes a grisly quiz to test your knowledge. These bestselling titles are sure to be a huge hit with yet another generation of Terry Deary fans.
521 _a750
_bLexile
521 _aM
_bRaz-Plus
650 0 _aWorld War, 1939-1945
_vJuvenile literature.
655 0 _aHistory.
655 7 _aJuvenile works.
_2fast
700 1 _aBrown, Martin
_d1959-
_eillustrator.
906 _a7
_bcbc
_ccopycat
_d2
_encip
_f20
_gy-gencatlg
942 _2ddc
_cBK
_n0
999 _c1789
_d1789